Quizzes
Events
Quiz Creation
Community
Videos
Private Events
Remove Ads
Sign In
Join for FREE
Feedback
Dark Mode
Quiz Categories
Sports
Geography
Music
Movies
Television
Just For Fun
Miscellaneous
History
Literature
Language
Science
Gaming
Entertainment
Religion
Holiday
For Kids
Quiz Lab
Recent
Popular Today
Quiz Kudos Today
Editor Picks
Curator Picks
Quizzes by...
Day
Popularity
Type
Ratings
Length
Year
Community
Subscriptions
Recent Discussions
Orange Saloon
Badges
Playlists
Quests
Create
Leaderboards
Showdown
Live 5
Trivia Bingo
Activity
Puzzle Library
Sporcle Events
Private Events
Virtual Trivia
Globe League
Become a Host
Pub Owners
SporcleCon
Opinionation
Our Games
Videos
Blog
Mobile Apps
Partnerships
Remove Ads and Go Orange
Feedback
Television
TV Characters
TV Show
Sitcom
Network
Friends
Reality Shows
Cast
South Park
Star Trek
The Simpsons
Doctor Who
Television
TV Characters
TV Show
Sitcom
Network
Friends
Reality Shows
Cast
South Park
Star Trek
The Simpsons
Doctor Who
Random Quiz
Search Sporcle
×
Quiz Lab
Quiz Lab
Television
Star Trek
Type in answers that appear in a list
Type in answers that appear in a list
Classic
Best Score? Go Orange.
Ferengi Rules of Acquisition Stats
Can you name the Star Trek canon Ferengi Rules of Acquisition (plus those included in Legends of the Ferengi)?
By
golaswede
20m
87 Questions
148 Plays
148 Plays
148 Plays
Comments
Comments
Give Quiz Kudos
Give Quiz Kudos
-
- Ratings
hide this ad
Replay
Link that replays current quiz
Next Quiz
Link to next quiz in quiz playlist
You Got
0%
They Got
Avg Score
10%
Avg Friend Score
Upgrade to see
Score Distribution
Jump to the score distribution portion of the page
Score
0/87
Timer
20:00
0
Plays Today
Rule
... states that
% Correct
34th
War is good for business
70.3%
35th
Peace is good for business
62.2%
17th
A contract is a contract is a contract
52.7%
1st
Once you have their money, you never give it back.
39.9%
16th
A deal is a deal
34.5%
75th
Home is where the heart is
32.4%
10th
Greed is eternal.
30.4%
45th
Expand
29.7%
95th
Expand
29.7%
76th
Every once in a while, declare peace
24.3%
112th
Never have sex with the boss's sister.
21.6%
33rd
It never hurts to suck up to the boss.
20.9%
31st
Never make fun of a Ferengi's mother
19.6%
22nd
A wise man can hear profit in the wind.
16.2%
285th
No good deed ever goes unpunished.
16.2%
109th
Dignity and an empty sack is worth the sack.
15.5%
7th
Keep your ears open.
14.9%
113th
Always have sex with the boss.
13.5%
9th
Opportunity plus instinct equals profit.
12.8%
111th
Treat people in your debt like family
12.8%
48th
The bigger the smile, the sharper the knife.
12.2%
59th
Free advice is seldom cheap.
11.5%
62nd
The riskier the road, the greater the profit.
11.5%
139th
Wives serve, brothers inherit.
11.5%
19th
Satisfaction is not guaranteed.
10.1%
57th
Good customers are as rare as latinum.
9.5%
94th
Females and finances don't mix.
9.5%
211th
Employees are the rungs on the ladder of success.
9.5%
121st
Everything is for sale.
9.5%
Rule
... states that
% Correct
6th
Never allow family to stand in the way of opportunity.
8.1%
18th
A Ferengi without profit is no Ferengi at all.
8.1%
98th
Every man has his price.
8.1%
102nd
Nature decays, but latinum lasts forever.
7.4%
190th
Hear all, trust nothing.
7.4%
203rd
New customers are like razor-toothed gree-worms.
7.4%
60th
Keep your lies consistent.
7.4%
104th
Faith moves mountains
7.4%
23rd
Nothing is more important than your health
6.8%
47th
Never trust a man wearing a better suit than your own.
6.8%
41st
Profit is its own reward.
6.8%
97th
Enough is never enough.
6.8%
284th
Deep down, everyone's a Ferengi.
6.8%
74th
Knowledge equals profit.
6.1%
229th
Latinum lasts longer than lust.
6.1%
217th
You can't free a fish from water.
5.4%
192nd
Never cheat a Klingon
5.4%
242nd
More is good
5.4%
3rd
Never pay more for an acquisition than you have to.
4.7%
21st
Never place friendship above profit.
4.7%
239th
Never be afraid to mislabel a product.
4.7%
144th
There's nothing wrong with charity
4.7%
255th
A wife is a luxury
4.7%
168th
Whisper your way to success.
4.1%
141st
Only fools pay retail.
4.1%
266th
When in doubt, lie
4.1%
142nd
Only fools sell wholesale.
4.1%
125th
You can't make a deal if you're dead.
3.4%
208th
Sometimes the only thing more dangerous than a question is an answer.
3.4%
Rule
... states that
% Correct
13th
Anything worth doing is worth doing for money.
3.4%
40th
She can touch your lobes, but never your latinum.
3.4%
103rd
Sleep can interfere with ...
2.7%
263rd
Never let doubt interfere with your lust for latinum.
2.7%
8th
Small print leads to large risk.
2.7%
52nd
Never ask when you can take.
2.7%
65th
Win or lose, there is always Hupyrian beetle snuff.
2.7%
79th
Beware of the Vulcan greed for knowledge.
2.7%
82nd
The flimsier the product, the higher the price.
2.7%
202nd
The justification for profit is profit.
2.7%
106th
There is no honor in poverty.
2.7%
>173rd
A man is only worth the sum of his possessions.
2%
99th
Trust is the biggest liability of all.
2%
123th
Even a blind man can recognize the glow of latinum.
2%
177th
Know your enemies
2%
194th
It's always good to know about new customers before they walk in your door.
1.4%
214th
Never begin a negotiation on an empty stomach.
1.4%
44th
Never confuse wisdom with luck.
1.4%
58th
There is no substitute for success.
1.4%
89th
Ask not what your profits can do for you, but what you can do for your profits.
1.4%
162nd
Even in the worst of times, someone makes a profit.
1.4%
181st
Not even dishonesty can tarnish the shine of profit.
1.4%
189th
Let others keep their reputation
1.4%
236th
You can't buy fate.
1.4%
27th
There is nothing more dangerous than an honest businessman.
0.7%
85th
Never let the competition know what you're thinking.
0.7%
218th
Always know what you're buying.
0.7%
261st
A wealthy man can afford anything except a conscience.
0.7%
223rd
Beware of the man who doesn't make time for oo-mox.
0%
Quiz Playlist
Details
Report
Send in Message
Add To Playlist
Classic:
Type in answers that appear in a list
Quiz Source
Last Updated: Feb 16, 2017
Quiz Scoreboard
CHALLENGE
Sign Up to Join the Scoreboard
Show All
Scores
Hide
Comments
May contain spoilers
Recently Published
Decade Duel: World Leaders
by jenniferyan
History
4m
Alphabetical 'K' Countries by Flag Minefield
by ylime102
Geography
3m
Pick 6: Fruits
by JohnFran
Miscellaneous
15s
More to Explore
Quiz From the Vault
Featured Blog Post
15 Basketball Trivia Facts You Can Be March Mad About
hide this ad
You Might Also Like...
Tags
Star Trek Quiz
State Quiz
Acquisition
Add-on
canon
Ferengi
last
legend
plu
rule
star
trek
Today's Top Quizzes in Television
Browse Television
hide this ad
Today's Top Quizzes in Star Trek
Browse Star Trek
Top Contributed Quizzes in Television
1
Hidden Simpsons Character
2
First Name TV: Leading Men
3
Hidden Simpsons Character XXIV
4
Hidden Simpsons Character II
5
First Name TV: Leading Women Drama
6
Hidden Simpsons Character III
7
Hidden Simpsons Character XXV
8
Hidden Simpsons Character XXVI
9
Pick A Pair: Religious TV
10
One Piece Logic Puzzle
Explore More
Trending Topics
Disney
Crossword
Marvel
Kpop
Anime
Harry Potter
NBA
The Office
Country
WWE
Song
Pokémon
NFL
Soccer
Puzzle
hide this ad
More By:
golaswede
Quiz
Plays
Rating
Category
Featured
Created
Most common lost luggage
251
2.25
Miscellaneous
Jul 30, 2012
Ferengi Rules of Acquisition
148
3.00
Television
Oct 31, 2009
Coming to America
101
4.00
Just For Fun
Dec 29, 2012
Ferengi Words
23
4.33
Television
Mar 28, 2010
Go to Creator's Profile
Score Distribution
Quiz Creator Spotlight
golaswede
Follow
Send a Message
Quizzes Created
-
Created Quiz Play Count
-
More By This Creator
Popular Quizzes Today
1
Countries of Asia Without Outlines Minefield
2
Find the US States - No Outlines Minefield
3
Pick 6: Fruits
4
Alphabetical 'K' Countries by Flag Minefield
5
The Countries of the World
6
Find the Countries of Europe - No Outlines Minefield
7
Find the US States
8
US States
More Television Quizzes
Acrostic Euphoria
Quiz Lab
Trending Quizzes
Pick 6: Mountains
Pick 6: Harry Potter
Pick 6: Flags
Pick 6: NFL Teams
Pick 6: Movie Franchises
Recently Updated
Adaptations: Name the Title
pecheneg
NWSL Teams
pecheneg
Women's Final Four Teams by Year
bhenderson79
Presidents Quartet II
eogle
Anything But Clue(do)
eogle
Anything But Oceanian Capitals
eogle
Anything But 7
eogle
Anything But Thing
eogle
Word Ladder: February 29
pecheneg
Song Title Questions
pecheneg
Trending Topics
Kpop
Disney
Anime
Crossword
NBA
Harry Potter
Marvel
WWE
Song
Pokémon
Country
NFL
The Office
Puzzle
Soccer
Your Account Isn't Verified!
In order to create a playlist on Sporcle, you need to verify the email address you used during registration. Go to your
Sporcle Settings
to finish the process.
Report this User
Report this user for behavior that violates our
Community Guidelines
.
Details:
Send Report
Go to the Sporcle.com Mobile Site →
Comments